Statistics for Guess the NFL Logo - Zoomed In

Click here to take the quiz!

General Stats

  • This quiz has been taken 3,272 times
    (1,548 since last reset)
  • The average score is 19 of 20

Answer Stats

Answer% Correct
Baltimore Ravens
97%
Carolina Panthers
97%
Dallas Cowboys
97%
New Orleans Saints
97%
Philadelphia Eagles
97%
Detroit Lions
96%
Green Bay Packers
96%
Jacksonville Jaguars
96%
Las Vegas Raiders
96%
Miami Dolphins
96%
Minnesota Vikings
96%
New England Patriots
96%
Pittsburgh Steelers
96%
Arizona Cardinals
95%
Atlanta Falcons
95%
Buffalo Bills
95%
Cincinnati Bengals
95%
Cleveland Browns
95%
Denver Broncos
95%
Houston Texans
95%
Indianapolis Colts
95%
Los Angeles Chargers
95%
Los Angeles Rams
95%
New York Jets
95%
San Francisco 49ers
95%
Seattle Seahawks
95%
Tennessee Titans
95%
Kansas City Chiefs
94%
New York Football Giants
94%
Tampa Bay Buccaneers
94%
Chicago Bears
93%
Washington Commanders
93%

Score Distribution

Percentile by Number Answered

Percent of People with Each Score

Your Score History

You have not taken this quiz since the last reset